Top 10 Least Humid U.S. States - Statistics

General Stats
  • This quiz has been taken 90 times
  • The average score is 9 of 10
Answer Stats
Avg. Humity Answer Avg. Dew Point (F) % Correct
38.5% Arizona 32.5°
100%
54.1% Colorado 28.8°
100%
45.9% New Mexico 30.8°
99%
51.7% Utah 28.6°
99%
38.3% Nevada 27.5°
95%
57.1% Wyoming 26.9°
93%
61.0% California 44.2°
92%
62.4% Idaho 30.9°
92%
60.4% Montana 29.7°
92%
64.0% Oklahoma 46.8°
86%
No matching quizzes found
Score Distribution
Percent of People with Each Score
Percentile by Number Answered
Your Score History
You have not taken this quiz